| 000 -LEADER |
| fixed length control field |
05015nam a22004457a 4500 |
| 001 - CONTROL NUMBER |
| control field |
13585005 |
| 003 - CONTROL NUMBER IDENTIFIER |
| control field |
OSt |
| 005 - DATE AND TIME OF LATEST TRANSACTION |
| control field |
20210422064001.0 |
| 008 - FIXED-LENGTH DATA ELEMENTS--GENERAL INFORMATION |
| fixed length control field |
040504s2004 paua b 001 0 eng |
| 010 ## - LIBRARY OF CONGRESS CONTROL NUMBER |
| LC control number |
2004010609 |
| 020 ## - INTERNATIONAL STANDARD BOOK NUMBER |
| International Standard Book Number |
0781743834 |
| 035 ## - SYSTEM CONTROL NUMBER |
| System control number |
(DNLM)101215875 |
| 040 ## - CATALOGING SOURCE |
| Original cataloging agency |
DNLM/DLC |
| Transcribing agency |
DLC |
| Modifying agency |
eng |
| Language of cataloging |
eng |
| 041 ## - LANGUAGE CODE |
| Language code of text/sound track or separate title |
eng |
| 042 ## - AUTHENTICATION CODE |
| Authentication code |
pcc |
| 050 00 - LIBRARY OF CONGRESS CALL NUMBER |
| Classification number |
RC694 |
| Item number |
.P484 2004 |
| 060 10 - NATIONAL LIBRARY OF MEDICINE CALL NUMBER |
| Classification number |
WG 500 |
| Item number |
P4425 2004 |
| 080 ## - UNIVERSAL DECIMAL CLASSIFICATION NUMBER |
| Universal Decimal Classification number |
616.12 |
| Item number |
A-13 |
| 082 00 - DEWEY DECIMAL CLASSIFICATION NUMBER |
| Classification number |
616.1/31 |
| Edition number |
22 |
| 245 00 - TITLE STATEMENT |
| Title |
Peripheral vascular disease : |
| Remainder of title |
basic diagnostic and therapeutic approaches / |
| Statement of responsibility, etc. |
/ by: Lippincott Williams & Wilkins |
| 260 ## - PUBLICATION, DISTRIBUTION, ETC. |
| Place of publication, distribution, etc. |
Philadelphia : |
| Name of publisher, distributor, etc. |
Lippincott Williams & Wilkins |
| Date of publication, distribution, etc. |
c2004. |
| 300 ## - PHYSICAL DESCRIPTION |
| Extent |
xix, 527 p. : |
| Other physical details |
ill. (some col.) ; |
| Dimensions |
28 cm. |
| 504 ## - BIBLIOGRAPHY, ETC. NOTE |
| Bibliography, etc. note |
Includes bibliographical references and index. |
| 505 0# - FORMATTED CONTENTS NOTE |
| Formatted contents note |
Anatomy, physiology, and response to vascular injury / Anthony C. DeFranco ... [et al.] -- Atherosclerotic vascular disease as a systemic process / George S. Abela, Alok Maheshwari, Charan C. Kantipudi -- Peripheral vascular assessment / Gary J. Arnold -- Intermittent claudication / Raghu Middle and Stanley Rockson -- Peripheral arterial disease in patients with diabetes / Peter Sheehan -- Insulin resistance and metabolic syndrome / Charles Reasner II -- Uncommon types of occlusive arterial disease / Peter C. Spittell -- Hypertension / Mohanram Narayanan, Ralph E. Watson and Donald J. Di Pette -- Obesity / Ved Gossein -- Peripheral neuropathy / Martin J. Stevens -- Erectile dysfunction as an indicator of vascular disease / Dana Ohl and Susanne A. Quallich -- The management of hyperlipidemia and exercise therapy in the treatment of peripheral artery disease / James J. Maciejko -- Peripheral arterial disease / Douglas Jacoby and Emile R. Mohler III -- Anticoagulant and antiplatelet therapy in peripheral vascular disease / James J. Ferguson -- Noninvasive diagnosis of peripheral vascular disease / Keith A. Mauney -- Optimal endovascular therapy for lower extremity revascularization / Christopher J. White -- Imaging of peripheral arterial disease / George Gordon Hartnell and Julia Gates -- Physiology of renal artery disease / Michael G. Dickinson, Cheryl Laffer, Fernando Elajovich -- Renal artery stenosis / Michael G. Dickinson ... [et al.] -- Atherosclerotic subclavian artery disease and revascularization / Andrew C. Eisenhauer and James A. Shaw -- Cerebral vascular disease / Patricia A. Gum, Alex Abou-Chebl, Jay S. Yadav -- |
| 505 0# - FORMATTED CONTENTS NOTE |
| Formatted contents note |
Intracranial interventions / Thomas C. Piemonte, Timothy Alikakos, Ayman Iskanker -- Iliofemoral disease / James D. Joye, Mehran Moussavian -- Transradial approach for catheterization / Gerald R. Barbeau -- Complications of interventional treatment of PVD / James D. Joye, Mahmoud Eslami-Farsani -- Renal injury following contrast agents / Peter A. McCullough -- Pre- and post-operative management of cardiovascular diseases and risks in patients with peripheral vascular disease / Kim Eagle and Debabrata Mukherjee -- Surgery for peripheral vascular disease / Glenn LaMuraglia and Giuseppe Nigri -- Stent grafts for abdominal aortic aneurysm / Zvonimir Krajcer -- Surgical treatment in PVD and footcare management / Zeeshan S. Husain, Charles G. Kissel, Michael S. Schey -- Vascular concepts in wound healing / William Ennis and Patricio Meneses -- Management of patients with lower extremity ulcers / Catherine R. Ratliff -- Excimer laser revascularization for peripheral arterial disease / John R. Laird -- Stent selection for illiac and superficial femoral artery interventions / Elie Hage-Korban, Malcolm T. Foster III -- Technical requirements for cardiovascular training in PVD / Elie Hage-Korban, Joel Cohen, and George Abela -- Training and credentialing for interventional therapy for PVD / Christopher J. White -- Deep venous thrombosis / Alok Maheshwari ... [et al.] -- Pulmonary embolism / Andrew Prieto and John Penner -- Recognizing, understanding and treating chronic venous insufficiency / Patricia Thorpe -- Pulmonary arterial hypertension / Vallerie McLaughlin -- The economic impact of peripheral vascular disease / Terry Woodward -- Billing and coding for peripheral vascular disease / Mary Metler ... [et al.]. |
| 650 #0 - SUBJECT ADDED ENTRY--TOPICAL TERM |
| Topical term or geographic name entry element |
Peripheral vascular diseases. |
| 650 #0 - SUBJECT ADDED ENTRY--TOPICAL TERM |
| Topical term or geographic name entry element |
Cardiology |
| 9 (RLIN) |
316 |
| 650 #0 - SUBJECT ADDED ENTRY--TOPICAL TERM |
| Topical term or geographic name entry element |
Blood-vessels |
| General subdivision |
Diseases. |
| 650 #0 - SUBJECT ADDED ENTRY--TOPICAL TERM |
| Topical term or geographic name entry element |
Extremities (Anatomy) |
| General subdivision |
Diseases. |
| 650 12 - SUBJECT ADDED ENTRY--TOPICAL TERM |
| Topical term or geographic name entry element |
Peripheral Vascular Diseases |
| General subdivision |
diagnosis. |
| 650 22 - SUBJECT ADDED ENTRY--TOPICAL TERM |
| Topical term or geographic name entry element |
Peripheral Vascular Diseases |
| General subdivision |
therapy. |
| 653 ## - INDEX TERM--UNCONTROLLED |
| Uncontrolled term |
კარდიოლოგია |
| 653 ## - INDEX TERM--UNCONTROLLED |
| Uncontrolled term |
სისხლძარღვები |
| 700 1# - ADDED ENTRY--PERSONAL NAME |
| Personal name |
Abela, George S. |
| 856 42 - ELECTRONIC LOCATION AND ACCESS |
| Materials specified |
Publisher description |
| Uniform Resource Identifier |
<a href="http://www.loc.gov/catdir/enhancements/fy0712/2004010609-d.html">http://www.loc.gov/catdir/enhancements/fy0712/2004010609-d.html</a> |
| 856 41 - ELECTRONIC LOCATION AND ACCESS |
| Materials specified |
Table of contents only |
| Uniform Resource Identifier |
<a href="http://www.loc.gov/catdir/enhancements/fy0834/2004010609-t.html">http://www.loc.gov/catdir/enhancements/fy0834/2004010609-t.html</a> |
| 906 ## - LOCAL DATA ELEMENT F, LDF (RLIN) |
| a |
7 |
| b |
cbc |
| c |
orignew |
| d |
1 |
| e |
ecip |
| f |
20 |
| g |
y-gencatlg |
| 942 ## - ADDED ENTRY ELEMENTS (KOHA) |
| Source of classification or shelving scheme |
|
| Koha item type |
Books |